Normal view
MARC view
Entry Personal Name
001 - CONTROL NUMBER
- control field: 1223548
003 - CONTROL NUMBER IDENTIFIER
- control field: OSt
005 - DATE AND TIME OF LATEST TRANSACTION
- control field: 20260324145613.0
008 - FIXED-LENGTH DATA ELEMENTS
- fixed length control field: 260324|| aca||aabn | a|a d
040 ## - CATALOGING SOURCE
- Original cataloging agency: OSt
- Transcribing agency: OSt
100 ## - HEADING--PERSONAL NAME
- Personal name: Harry G. Gelber
670 ## - SOURCE DATA FOUND
- Source citation: Work cat.: (OSt)1831682: Harry G. Gelber, Technology, Defense, And External Relations In China, 1975-1978
